| 000 | 04409cam a2200661 a 4500 | ||
|---|---|---|---|
| 001 | 10233075 | ||
| 003 | ARRUPE | ||
| 005 | 20140204165146.0 | ||
| 006 | m u | ||
| 007 | cr cn||||||||| | ||
| 008 | 050830s2007 inu sb 001 0 eng d | ||
| 010 | _z 2005025025 | ||
| 020 | _z0865976309 (hardcover : 4 volume set : alk. paper) | ||
| 020 | _z9780865976306 (hardcover : 4 volume set : alk. paper) | ||
| 020 | _z0865976317 (pbk. : 4 volume set : alk. paper) | ||
| 020 | _z9780865976313 (pbk. : 4 volume set : alk. paper) | ||
| 020 | _z0865976740 (hardcover : vol 1 : alk. paper) | ||
| 020 | _z9780865976740 (hardcover : vol 1 : alk. paper) | ||
| 020 | _z0865976783 (pbk. : vol 1 : alk. paper) | ||
| 020 | _z9780865976788 (pbk. : vol 1 : alk. paper) | ||
| 020 | _z0865976759 (hardcover : vol 2 : alk. paper) | ||
| 020 | _z9780865976757 (hardcover : vol 2 : alk. paper) | ||
| 020 | _z0865976791 (pbk. : vol 2 : alk. paper) | ||
| 020 | _z9780865976795 (pbk. : vol 2 : alk. paper) | ||
| 020 | _z0865976767 (hardcover : vol 3 : alk. paper) | ||
| 020 | _z9780865976764 (hardcover : vol 3 : alk. paper) | ||
| 020 | _z0865976805 (pbk. : vol 3 : alk. paper) | ||
| 020 | _z9780865976801 (pbk. : vol 3 : alk. paper) | ||
| 020 | _z0865976775 (hardcover : vol 4 : alk. paper) | ||
| 020 | _z9780865976771 (hardcover : vol 4 : alk. paper) | ||
| 020 | _z0865976813 (pbk. : vol 4 : alk. paper) | ||
| 020 | _z9780865976818 (pbk. : vol 4 : alk. paper) | ||
| 020 | _z9781614878377 (e-book) | ||
| 035 | _a(CaPaEBR)ebr10613484 | ||
| 035 | _a(NNC)10233075 | ||
| 040 |
_aCaPaEBR _cCaPaEBR |
||
| 050 | 1 | 4 |
_aHB171 _b.V63 2007eb |
| 082 | 0 | 4 |
_a330 _222 |
| 100 | 1 |
_aVon Mises, Ludwig, _d1881-1973. _97878 |
|
| 245 | 1 | 0 |
_aHuman action _h[electronic resource] : _ba treatise on economics / _cLudwig von Mises ; edited by Bettina Bien Greaves. |
| 260 |
_aIndianapolis : _bLiberty Fund, _cc2007. |
||
| 300 | _a4 v. in 1. | ||
| 490 | 1 | _aLiberty fund library of the works of Ludwig von Mises | |
| 500 | _aOriginally published: 4th rev.ed., Irvington-on-Hudson, N.Y. : Foundation for Economic Education, c1996. | ||
| 500 | _aIn slipcase. | ||
| 504 | _aIncludes bibliographical references and index. | ||
| 505 | 0 | _aPt. 1. Human action. Acting man -- The epistemological problems of the sciences of human action -- Economics and the revolt against reason -- A first analysis of the category of action -- Time -- Uncertainty -- Action within the world -- Pt. 2. Action within the framework of society. Human society -- The role of ideas -- Exchange within society -- Pt. 3. Economic calculation. Valuation without calculation -- The sphere of economic calculation -- Monetary calculation as a tool of action -- Pt. 4. Catallactics or economics of the market society. The scope and method of catallactics -- The market -- Prices -- Indirect exchange -- Action in the passing of time -- Interest -- Interest, credit expansion, and the trade cycle -- Work and wages -- The nonhuman original factors of production -- The data of the market -- Harmony and conflict of interests -- Pt. 5. Social cooperation without a market. The imaginary construction of a socialist society -- The impossibility of economic calculation under socialism -- Pt. 6. The hampered market economy. The government and the market -- Interference by taxation -- Restriction of production -- Interference with the structure of prices -- Currency and credit manipulation -- Confiscation and redistribution -- Syndicalism and corporativism -- The economics of war -- The welfare principle versus the market principle -- The crisis of interventionism -- Pt. 7. The place of economics in society. The nondescript character of economics -- The place of economics in learning -- Economics and the essential problems of human existence. | |
| 533 |
_aElectronic reproduction. _bPalo Alto, Calif. : _cebrary, _d2011. _nAvailable via World Wide Web. _nAccess may be limited to ebrary affiliated libraries. |
||
| 650 | 0 |
_aEconomics. _97879 |
|
| 650 | 0 |
_aCommerce. _97880 |
|
| 655 | 7 |
_aElectronic books. _2local _97881 |
|
| 700 | 1 |
_aGreaves, Bettina Bien. _97882 |
|
| 710 | 2 |
_aebrary, Inc. _97883 |
|
| 800 | 1 |
_aVon Mises, Ludwig, _d1881-1973. _tWorks. _f2005. _97884 |
|
| 856 | 4 | 0 |
_uhttp://www.columbia.edu/cgi-bin/cul/resolve?clio10233075 _zClick here for full text. |
| 942 |
_2lcc _cMONOGRAPH |
||
| 999 |
_c119922 _d119922 |
||